Pakistan: political roots and development 1947-1999 (Record no. 395300)

000 -LEADER
fixed length control field 00499cam a22001577a 4500
008 - FIXED-LENGTH DATA ELEMENTS--GENERAL INFORMATION
fixed length control field 180718b2000 xxu||||| |||| 00| 0 eng d
020 ## - INTERNATIONAL STANDARD BOOK NUMBER
International Standard Book Number 0195793730
082 ## - DEWEY DECIMAL CLASSIFICATION NUMBER
Classification number A6x547 M119
100 ## - MAIN ENTRY--PERSONAL NAME
Personal name Safdar Mahmood
245 ## - TITLE STATEMENT
Title Pakistan: political roots and development 1947-1999
Statement of responsibility, etc. by Safdar Mahmood
260 ## - PUBLICATION, DISTRIBUTION, ETC.
Place of publication, distribution, etc. Oxford
Name of publisher, distributor, etc. Oxford Univ. Press
Date of publication, distribution, etc. 2000
300 ## - PHYSICAL DESCRIPTION
Extent 440p.
440 ## - SERIES STATEMENT/ADDED ENTRY--TITLE
Title The millennium series
650 ## - SUBJECT ADDED ENTRY--TOPICAL TERM
Topical term or geographic name entry element Pakistan - History, 1947-1999
650 ## - SUBJECT ADDED ENTRY--TOPICAL TERM
Topical term or geographic name entry element Pakistan - Politics and government, 1947-1999
Holdings
Withdrawn status Lost status Damaged status Not for loan Permanent Location Current Location Date acquired Full call number Barcode Date last seen Price effective from Koha item type
        Indian Institute of Public Administration Indian Institute of Public Administration 2001-01-30 A6x547 M119 76242 2018-07-21 2018-07-21 Book

Powered by Koha